Music Quiz

Random Music or Disney Quiz

Disney Lyrics VI Quiz Stats

Quiz not verified by Sporcle

Challenge
Share
Tweet
Embed
Score 0/81 Timer 04:00
0 Plays Today
% Correct
a
100%
a
100%
the
100%
a
100%
the
100%
and
100%
a
100%
you
89.3%
you
89.3%
you
89.3%
you
89.3%
you
89.3%
you
89.3%
are
75.7%
in
74.3%
in
74.3%
to
74%
is
74%
is
74%
is
74%
to
74%
to
74%
no
71%
No
71%
When
69.2%
when
69.2%
When
69.2%
% Correct
your
68.6%
your
68.6%
your
68.6%
Your
68.6%
who
66.6%
If
65.4%
wish
61.5%
upon
61.5%
Will
61.5%
wish
61.5%
upon
61.5%
wish
61.5%
upon
61.5%
star
61.2%
star
61.2%
star
61.2%
come
60.9%
come
60.9%
dream
59.2%
Makes
58.3%
difference
56.8%
heart
56.2%
heart
56.2%
do
56.2%
of
52.4%
of
52.4%
too
51.8%
% Correct
dreams
50.6%
true
50.6%
desires
45.9%
As
45.6%
love
45.6%
Anything
43.8%
She
42%
extreme
37.9%
Like
36.1%
request
34%
out
30.5%
dreamers
29%
those
28.4%
Fate
24%
Fate
24%
their
23.4%
blue
22.5%
through
22.2%
kind
21.6%
sees
21.6%
steps
20.1%
brings
17.8%
longing
17.2%
sweet
16.9%
bolt
16%
secret
15.7%
fufillment
5.9%

You're not logged in!

Compare scores with friends on all Sporcle quizzes.
Join for Free
OR
Log In

You Might Also Like...

Show Comments

Extras

Created Jan 20, 2011ReportNominate
Tags:Disney Quiz, Song Quiz

Top Quizzes Today


Score Distribution

Your Account Isn't Verified!

In order to create a playlist on Sporcle, you need to verify the email address you used during registration. Go to your Sporcle Settings to finish the process.

Report this User

Report this user for behavior that violates our Community Guidelines.

Details: